00438nam a2200145Ia 4500008004100000020001800041082001400059100003600073245001400109260001000123500000900133942000700142952012800149999001500277260604s9999 xx 000 0 und d a9781627797580 a813.6 ROS aHenry Holt & Company Inc935327 0aLost Boys bSHREE aBoys cBK 00104070aIIMVbIIMVcGENERALd2026-06-04g599.00l0o813.6 ROSp003724r2026-06-04 10:18:58v599.00w2026-06-04yBKBROS c8106d8106